000 00743nam a2200241 4500
001 35914
003 BD-RjUL
005 20211209052412.0
008 140609s1969 ilu b 001 0 eng d
035 _a(BD-RjUL)36010
040 _aDLC
_cDLC
_dDLC
_dBD-RjUL
_beng
041 _aeng
082 0 0 _a320.51
_bCUH V-2 1969
100 1 _aCumming, Robert Denoon,
_d1916-
_9109008
245 1 0 _aHuman nature and history :
_ba study of the development of liberal political thought /
_nVolume Two
260 _aChicago :
_bUniversity of Chicago Press,
_cc1969.
300 _avi, 457 p. ;
_c24 cm.
504 _aIncludes bibliography and index.
650 0 _aLiberalism.
_9109009
942 _2ddc
_cBK
999 _c35914
_d35914